ĐỀ XUẤT ÁP DỤNG CHƯƠNG TRÌNH TIẾNG ANH THEO PHƯƠNG PHÁP TIẾP CẬN DỰA VÀO NỘI DUNG CHO SINH VIÊN NĂM 1,2 KHOA QUỐC TẾ HỌC, TRƯỜNG ĐẠI HỌC NGOẠI NGỮ - ĐẠI HỌC ĐÀ NẴNG. /

Tallennettuna:
Bibliografiset tiedot
Päätekijä: Lê, Thị Phương Loan
Aineistotyyppi: Kirja
Kieli:Vietnamese
Julkaistu: ĐHNN, 2015.
Aiheet:
Tagit: Lisää tagi
Ei tageja, Lisää ensimmäinen tagi!
Thư viện lưu trữ: Mạng thư viện Đại học Đà Nẵng
LEADER 01469nam a22003371a 4500
001 000041241
003 17541
005 20220831092714.0
008 170413s2015 vm 000 vie
040 |a LNN 
041 |a vie 
082 |a 407  |b LÊ-L 
100 |a Lê, Thị Phương Loan 
245 0 |a ĐỀ XUẤT ÁP DỤNG CHƯƠNG TRÌNH TIẾNG ANH THEO PHƯƠNG PHÁP TIẾP CẬN DỰA VÀO NỘI DUNG CHO SINH VIÊN NĂM 1,2 KHOA QUỐC TẾ HỌC, TRƯỜNG ĐẠI HỌC NGOẠI NGỮ - ĐẠI HỌC ĐÀ NẴNG. /  |c Lê Thị Phương Loan. 
260 |a ĐHNN,  |c 2015. 
300 |a 70tr . : ill ; 30cm. 
650 |a ÁP DỤNG CHƯƠNG TRÌNH TIẾNG ANH THEO PHƯƠNG PHÁP TIẾP CẬN DỰA VÀO NỘI DUNG CHO SINH VIÊN NĂM 1,2 KHOA QUỐC TẾ HỌC, ÁP DỤNG CHƯƠNG TRÌNH TIẾNG ANH THEO PHƯƠNG PHÁP TIẾP CẬN. 
852 |c ĐTNC 
OWN |a LNN 
AVA |a UDN50  |b LNN  |c Reference Works  |d 407 LÊ-L  |e available  |t Error 5001 Not defined in file expand_doc_bib_avail.  |f 1  |g 0  |h N  |i 0  |j DT  |k 1 
999 |a From the UDN01 
AVA |a UDN50  |b LNN  |c Reference Works  |d 407 LÊ-L  |e available  |t Error 5001 Not defined in file expand_doc_bib_avail.  |f 1  |g 0  |h N  |i 0  |j DT  |k 1 
TYP |a Monograph 
TYP |a Printed language 
980 |a Mạng thư viện Đại học Đà Nẵng